Зори Парижа: киносценарии

Detalles Bibliográficos
Autor Principal: Рошаль Г.
Outros autores: Шаховской Г.
Idioma:ruso
Publicado: Москва, Искусство, 1936
Series:Драматургия кино
Subjects:
Formato: MixedMaterials Libro
KOHA link:https://koha.lib.tpu.ru/cgi-bin/koha/opac-detail.pl?biblionumber=317632

MARC

LEADER 00000nam0a2200000 4500
001 317632
005 20231102003008.0
035 |a (RuTPU)RU\TPU\book\343100 
090 |a 317632 
100 |a 20160412d1936 m y0rusy50 ca 
101 0 |a rus 
102 |a RU 
105 |a a z 000by 
200 1 |a Зори Парижа  |e киносценарии  |f Г. Рошаль, Г. Шаховской 
210 |a Москва  |c Искусство  |d 1936 
215 |a 133 с.  |c ил. 
225 1 |a Драматургия кино 
606 1 |a Киносценарии  |2 stltpush  |3 (RuTPU)RU\TPU\subj\14378  |9 40779 
610 1 |a советское кино 
610 1 |a киноповести 
610 1 |a драматургия 
675 |a 791.43.05:008  |v 4 
700 1 |a Рошаль  |b Г. 
701 1 |a Шаховской  |b Г. 
801 1 |a RU  |b 63413507  |c 20160412 
801 2 |a RU  |b 63413507  |c 20171030  |g RCR 
942 |c BK